Text Book of Hospital and Clinical Pharmacy (Record no. 13455)

MARC details
000 -LEADER
fixed length control field 00481nam a22001937a 4500
003 - CONTROL NUMBER IDENTIFIER
control field OSt
008 - FIXED-LENGTH DATA ELEMENTS--GENERAL INFORMATION
fixed length control field 250426b |||||||| |||| 00| 0 eng d
020 ## - INTERNATIONAL STANDARD BOOK NUMBER
International Standard Book Number 9789384266974
082 ## - DEWEY DECIMAL CLASSIFICATION NUMBER
Classification number 615.1 NAT
100 ## - MAIN ENTRY--PERSONAL NAME
Personal name Nand, Pritibha
245 ## - TITLE STATEMENT
Title Text Book of Hospital and Clinical Pharmacy
250 ## - EDITION STATEMENT
Edition statement 1st
260 ## - PUBLICATION, DISTRIBUTION, ETC. (IMPRINT)
Place of publication, distribution, etc Delhi
Name of publisher, distributor, etc Birla Pub
Date of publication, distribution, etc 2025
300 ## - PHYSICAL DESCRIPTION
Extent 288
650 ## - SUBJECT ADDED ENTRY--TOPICAL TERM
Topical term or geographic name as entry element Hospital and Clinical Pharmacy
700 ## - ADDED ENTRY--PERSONAL NAME
Personal name Reheja, Indira
700 ## - ADDED ENTRY--PERSONAL NAME
Personal name khar, Roop.K
942 ## - ADDED ENTRY ELEMENTS (KOHA)
Source of classification or shelving scheme Dewey Decimal Classification
Koha item type Text Books
Holdings
Withdrawn status Lost status Source of classification or shelving scheme Damaged status Not for loan Collection code Home library Current library Date acquired Source of acquisition Currency Cost, normal purchase price Bill Number Total Checkouts Full call number Acc. no. / Barcode Date last seen Actual Cost, discounted price Bill Date Koha item type Date last borrowed
    Dewey Decimal Classification     Diploma in Pharmacy PIET C-LIBRARY PIET C-LIBRARY 15/04/2025 Zafaa Books Distributres Rs 250.00 ZBD0027   615.1 NAT DP1425 26/04/2025 175.00 11/04/2025 Reference Books  
    Dewey Decimal Classification     Diploma in Pharmacy PIET C-LIBRARY PIET C-LIBRARY 15/04/2025 Zafaa Books Distributres Rs 250.00 ZBD0027 1 615.1 NAT DP1426 23/05/2025 175.00 11/04/2025 Text Books 16/05/2025
    Dewey Decimal Classification     Diploma in Pharmacy PIET C-LIBRARY PIET C-LIBRARY 15/04/2025 Zafaa Books Distributres Rs 250.00 ZBD0027   615.1 NAT DP1427 26/04/2025 175.00 11/04/2025 Text Books  

Design & Developed by: PIET Central Library
R70 Miles Stone Pattikalyana Samalkha Panipat 132102
mail ID :- [email protected], Phone No:- 0180-2569700 Ex.216